Annuaire des membres de la CCFS 2008
Gespeichert in:
| Körperschaft: | |
|---|---|
| Format: | Buch |
| Sprache: | Französisch Slowakisch |
| Veröffentlicht: |
Bratislava
Francúzsko-slovenská obchodná komora
2008
|
| Schlagworte: | |
| Tags: |
Keine Tags, Fügen Sie das erste Tag hinzu!
|
MARC
| LEADER | 00000nam$a2200000$$$4500 | ||
|---|---|---|---|
| 001 | 0086357 | ||
| 005 | 20240104120750.0 | ||
| 041 | 0 | |a fre | |
| 041 | 0 | |a slo | |
| 044 | |a SK | ||
| 245 | 1 | 0 | |a Annuaire des membres de la CCFS 2008 |
| 264 | 1 | |a Bratislava |b Francúzsko-slovenská obchodná komora |c 2008 | |
| 300 | |a 304 s. | ||
| 610 | 2 | 0 | |a komory obchodné |
| 610 | 2 | 0 | |a služby podnikateľské |
| 610 | 2 | 0 | |a služby obchodné |
| 610 | 2 | 0 | |a informácie obchodno-ekonomické |
| 610 | 2 | 0 | |a spolupráca medzinárodná |
| 610 | 2 | 0 | |a Slovensko |
| 610 | 2 | 0 | |a Francúzsko |
| 110 | 2 | |a Francúzsko-slovenská obchodná komora | |